000
00281nam a22001337a 4500
008
171219b xxu||||| |||| 00| 0 eng d
020
_a
9780078786983
041
_a
eng
080
_a
82
100
_a
21
101
_a
GJU
245
_a
LITERATURE
_c
AVALOS.M.A
942
_2
udc
_c
BK
999
_c
39144
_d
39144